Statistics and probability for engineering applications : (Record no. 17910)
[ view plain ]
| 000 -LEADER | |
|---|---|
| fixed length control field | 00969pam a2200289 a 4500 |
| 001 - CONTROL NUMBER | |
| control field | 008386081 |
| 003 - CONTROL NUMBER IDENTIFIER | |
| control field | OSt |
| 005 - DATE AND TIME OF LATEST TRANSACTION | |
| control field | 20140112094406.0 |
| 006 - FIXED-LENGTH DATA ELEMENTS--ADDITIONAL MATERIAL CHARACTERISTICS--GENERAL INFORMATION | |
| fixed length control field | m||||f ||z 00| 0 |
| 008 - FIXED-LENGTH DATA ELEMENTS--GENERAL INFORMATION | |
| fixed length control field | 020910t2003 ne ad frb 001 0 eng |
| 020 ## - INTERNATIONAL STANDARD BOOK NUMBER | |
| International Standard Book Number | 0750676183 |
| 020 ## - INTERNATIONAL STANDARD BOOK NUMBER | |
| International Standard Book Number | 9780750676182 |
| 040 ## - CATALOGING SOURCE | |
| Original cataloging agency | StDuBDS |
| Language of cataloging | eng |
| Transcribing agency | StDuBDS |
| Modifying agency | Uk |
| 082 04 - DEWEY DECIMAL CLASSIFICATION NUMBER | |
| Classification number | 620.0015195 |
| Edition number | 22 |
| Item number | DEC |
| 100 1# - MAIN ENTRY--PERSONAL NAME | |
| Personal name | DeCoursey, W. J. |
| Fuller form of name | (William J.) |
| 9 (RLIN) | 34809 |
| 245 10 - TITLE STATEMENT | |
| Title | Statistics and probability for engineering applications : |
| Remainder of title | with Microsoft Excel / |
| Statement of responsibility, etc | by W. J. DeCoursey. |
| 260 ## - PUBLICATION, DISTRIBUTION, ETC. (IMPRINT) | |
| Place of publication, distribution, etc | Amsterdam : |
| Name of publisher, distributor, etc | Newnes, |
| Date of publication, distribution, etc | c.2003. |
| 300 ## - PHYSICAL DESCRIPTION | |
| Extent | xv, 396 p. : |
| Other physical details | chart, tables ; |
| Dimensions | 24 cm. + |
| Accompanying material | CD-ROM. |
| 500 ## - GENERAL NOTE | |
| General note | Appendix : p. 375-390. |
| 500 ## - GENERAL NOTE | |
| General note | Includes Indexes. |
| 504 ## - BIBLIOGRAPHY, ETC. NOTE | |
| Bibliography, etc | Includes bibliographical references. |
| 630 00 - SUBJECT ADDED ENTRY--UNIFORM TITLE | |
| 9 (RLIN) | 4503 |
| Uniform title | Microsoft Excel (Computer file) |
| 650 #0 - SUBJECT ADDED ENTRY--TOPICAL TERM | |
| Topical term or geographic name as entry element | Engineering |
| General subdivision | Statistical methods. |
| 9 (RLIN) | 27510 |
| 653 ## - INDEX TERM--UNCONTROLLED | |
| Resource For college | |
| Arrived date list | January2014 |
| 655 ## - INDEX TERM--GENRE/FORM | |
| Form subdivision | |
| -- | 33728 |
| 942 ## - ADDED ENTRY ELEMENTS (KOHA) | |
| Source of classification or shelving scheme | Dewey Decimal Classification |
| Item type | Book - Borrowing |
| Call number prefix | 620.0015195 DEC |
| Withdrawn status | Item status | Source of classification or shelving scheme | Damaged status | Not for loan | Vendor | Home library | Current library | Shelving location | Date acquired | Source of acquisition | Total Checkouts | Full call number | Barcode | Date last seen | Koha item type |
|---|---|---|---|---|---|---|---|---|---|---|---|---|---|---|---|
| Dewey Decimal Classification | Baccah | Central Library | Central Library | First floor | 12/01/2014 | 620.0015195 DEC | 000035311 | 15/07/2025 | NB - Book (Non borrowing) | ||||||
| Dewey Decimal Classification | Baccah | Central Library | Central Library | First floor | 12/01/2014 | 620.0015195 DEC | 000035312 | 15/07/2025 | Book - Borrowing | ||||||
| Dewey Decimal Classification | Baccah | Central Library | Central Library | First floor | 12/01/2014 | 620.0015195 DEC | 000035313 | 24/08/2022 | CD | DVD - With book (NB) | ||||||
| Dewey Decimal Classification | Baccah | Central Library | Central Library | First floor | 12/01/2014 | 620.0015195 DEC | 000035314 | 24/08/2022 | CD | DVD - With book |